| 000 | 00596nam a2200181Ia 4500 | ||
|---|---|---|---|
| 001 | 20878 | ||
| 005 | 20260306172838.0 | ||
| 008 | 260306t2020||||xx |||||||||||||| ||spa|| | ||
| 041 | _aESP | ||
| 082 |
_a343.8 _bM84A |
||
| 100 |
_aMorales Mejía, Jaime Alejandro, _eAUT |
||
| 245 | 0 | _aAplicación del régimen de gradualidad a las infraccciones tributarias más frecuentes/ Infracciones tributarias más frecuentes sancionadas dentro de un procedimiento de fiscalización | |
| 260 | _c2020 | ||
| 300 |
_a64 páginas : _c24 cm. |
||
| 650 | _aGEN | ||
| 654 | _aCCO | ||
| 942 |
_cLIB _dJUS _fJUS _2ddc _n |
||
| 999 |
_c20878 _d20878 |
||